00629nam a2200217Ia 4500008004100000020001800041100001700059245002500076245004800101260001500149260002000164260000900184300002700193300002700220300001000247650001300257650002200270700000800292999001900300952009200319160803s9999 xx 000 0 und d a9780590479400 aHoban, Julia aAmy loves the snow / cby Julia Hoban ; pictures by Lillian Hoban. aNew York : bScholastic Inc. c1989 a24 unnumbered pages :  bcolor illustrations ;  c16 cm aSnow --  xJuvenile fiction. a390 c299215d299215 001040aSSISBbSSISBcLEXd2016-08-03l0pSC-1141r2016-08-03 00:00:00w2016-08-03yBK